| 000 | 00529nam a2200181 u 4500 | ||
|---|---|---|---|
| 005 | 20240924070602.0 | ||
| 008 | 071010s1999 mx r 000 0 spa d | ||
| 020 | _a9687943106 | ||
| 035 | _aUPN01000152812 | ||
| 049 | _aCG | ||
| 050 | 4 |
_aBD241 _bA7.3 |
|
| 100 | 1 |
_aArriarán, Samuel _931532 |
|
| 245 | 1 | 3 |
_aLa fábula de la identidad perdida : _buna crítica a la hermenéutica contemporánea / _cSamuel Arriarán. |
| 260 |
_aMéxico : _bItaca, _c1999. |
||
| 300 | _a180 p. | ||
| 650 | 4 |
_aHermenéutica _95799 |
|
| 905 | _aLibro | ||
| 999 |
_c124935 _d124935 |
||